000 00249nam a2200097Ia 4500
001 1250577
005 20251031150858.0
008 251031s9999 xx 000 0 und d
245 0 _cFUNDA UÇUK ER
_aB-3 ASUDE BAHÇE
260 _bCEZVE KİTAP YAYINLARI
999 _c1250577
_d1250577